Statistics for How Fast Can You Type F R A N C E

Click here to take the quiz!

General Stats

  • This quiz has been taken 20 times
  • The average score is 62 of 96

Answer Stats

France% Correct
A
100%
C
100%
E
100%
F
100%
N
100%
R
100%
A
92%
A
92%
A
92%
A
92%
A
92%
A
92%
C
92%
C
92%
C
92%
C
92%
C
92%
C
92%
E
92%
E
92%
E
92%
E
92%
E
92%
E
92%
F
92%
F
92%
F
92%
F
92%
F
92%
F
92%
N
92%
N
92%
N
92%
N
92%
N
92%
N
92%
R
92%
R
92%
R
92%
R
92%
R
92%
R
92%
A
85%
C
85%
F
85%
N
85%
R
85%
E
77%
F
77%
R
77%
A
69%
C
69%
N
69%
E
62%
A
54%
F
54%
R
54%
A
46%
C
46%
C
46%
E
46%
E
46%
F
46%
N
46%
N
46%
R
46%
A
38%
A
38%
A
38%
C
38%
C
38%
E
38%
E
38%
F
38%
F
38%
F
38%
N
38%
N
38%
R
38%
R
38%
R
38%
N
31%
C
23%
E
23%
A
15%
F
15%
N
15%
R
15%
C
8%
E
8%
A
0%
C
0%
E
0%
F
0%
N
0%
R
0%

Score Distribution

Percentile by Number Answered

Percent of People with Each Score

Your Score History

You have not taken this quiz